Central Library OPAC University of Rajshahi

Intercultural communication : (Record no. 81381)

MARC details
000 -LEADER
fixed length control field 01130nam a2200325 a 4500
001 - CONTROL NUMBER
control field 81381
003 - CONTROL NUMBER IDENTIFIER
rucl marc code BD-RjUL
005 - DATE AND TIME OF LATEST TRANSACTION
control field 20230514151200.0
008 - FIXED-LENGTH DATA ELEMENTS--GENERAL INFORMATION
fixed length control field 230514s2015 mau|||||||||||||||||eng|d
020 ## - INTERNATIONAL STANDARD BOOK NUMBER
International Standard Book Number 1285077393
International Standard Book Number 9781285077390
035 ## - SYSTEM CONTROL NUMBER
System control number (BD-RjUL)81381
040 ## - CATALOGING SOURCE
Original cataloging agency TAU
Language of cataloging eng
Description conventions rda
Transcribing agency BD-RjUL
041 0# - LANGUAGE CODE
Language code of text/sound track or separate title eng
082 ## - DEWEY DECIMAL CLASSIFICATION NUMBER
Edition number 23
Classification number 303.482
Author mark and year INT 2015
245 00 - TITLE STATEMENT
Title Intercultural communication :
Remainder of title a reader /
Statement of responsibility, etc. [edited by] Larry A. Samovar, Richard E. Porter, Edwin R. McDaniel, Carolyn Sexton Roy
250 ## - EDITION STATEMENT
Edition statement Fourteenth Edition and Fortieth Anniversary Edition
264 #1 - PRODUCTION, PUBLICATION, DISTRIBUTION, MANUFACTURE, AND COPYRIGHT NOTICE
Place of production, publication, distribution, manufacture Boston, MA :
Name of producer, publisher, distributor, manufacturer Cengage Learning,
Date of production, publication, distribution, manufacture, or copyright notice 2015.
300 ## - PHYSICAL DESCRIPTION
Pagination xii, 500 pages :
Illustrations illustrations
336 ## - CONTENT TYPE
Content type term text
Content type code txt
Source rdacontent
337 ## - MEDIA TYPE
Media type term unmediated
Media type code n
Source rdamedia
338 ## - CARRIER TYPE
Carrier type term volume
Carrier type code nc
Source rdacarrier
504 ## - BIBLIOGRAPHY, ETC. NOTE
Bibliography, etc Includes bibliographical references and index.
650 #4 - SUBJECT ADDED ENTRY--TOPICAL TERM
Topical term or geographic name as entry element Intercultural communication
9 (RLIN) 7436
700 1# - ADDED ENTRY--PERSONAL NAME
Personal name Samovar, Larry A.,
Relator term editor.
Personal name Porter, Richard E.,
Relator term editor.
Personal name McDaniel, Edwin R.,
Relator term editor.
Personal name Roy, Carolyn S.
Relator term editor.
942 ## - ADDED ENTRY ELEMENTS (KOHA)
Source of classification or shelving scheme Dewey Decimal Classification
Koha item type Books
Holdings
Lost status Source of classification or shelving scheme Damaged status Not for loan Collection code Permanent Location Current Location Shelving location Date acquired Source of acquisition Cost, normal purchase price Total Checkouts Full call number Date last seen Copy number Koha item type
  Dewey Decimal Classification   Not For Loan Non-fiction Central Library, University of Rajshahi Central Library, University of Rajshahi Reading Room 10/05/2023 Dhaka : Book Finder 11324.65   303.482 INT 2015 14/05/2023 C-1 Books